000 00635nam a2200277Ia 4500
005 20260324140042.0
008 008 260324s9999 xx 000 0 eng d
020 _a9780203021170
037 _aEBOOK
040 _aCRL
040 _beng
040 _cCRL
041 _2eng
041 _aeng
084 _qCRL
100 _aRob Barnes
_91157958
245 0 _aPositive Teaching, Positive Learning
260 _bTaylor and Francis
260 _c1999
365 _a
365 _b300
856 _uhttp://www.taylorfrancis.com/books/9780203021170
942 _cEBOOK
999 _c1804593
_d1804593